000 00598cam a22002053a 4500
001 46024
003 PGUSA
005 20140828084057.0
008 140618s2014||||xxu|||||s|||||000 | eng d
040 _aPGUSA
_beng
042 _adc
100 1 _aBeyer, H. Otley
245 1 0 _aOrigin Myths among the Mountain Peoples of the Philippines
_h[electronic resource] /
_cH. Otley Beyer
260 _bProject Gutenberg,
_c2014
506 _aPublic domain in the USA.
516 _aElectronic text
830 0 _aProject Gutenberg
_v46024
856 4 0 _uhttp://www.gutenberg.org/ebooks/46024
942 _cEB
999 _c275273
_d275273